000 00903nam a22001935i 4500
001 166941
003 ES-MaACL
005 20230906213430.0
008 020213s1871 sp |||| | spa d
040 _aCAM
_bspa
_cCAM
100 1 _aVallejo, Mariano,
_dm. 1911
_9139767
245 1 0 _aCataluña independiente
_b: drama en tres actos y en verso /
_coriginal de José Mariano Vallejo.
260 _aMadrid :
_b[s.n.],
_c1871 (
_fImprenta de José Rodriguez)
300 _a60 p. ;
_c20 cm.
500 1 _aRepresentado por primera vez en el Teatro de la Alhambra, el 29 de abril de 1871.
596 1 _aEn verso de port. consta: "... de las Galerías Dramáticas y Líricas de lso Sres. Gullón é Hidalgo ..."
852 _aES-MaACL
_jF-8561(3)
_z-- Enc. pasta española
_z-- Enc. en un vol. facticio formando parte de la col. facticia "Teatro español moderno", vol. 12
999 _c166941
_d166941